[Event "Abe Yanofsky mem."]
[Site "Winnipeg CAN"]
[Date "2004.09.04"]
[Round "1"]
[White "Baglien, Brandon"]
[Black "Lipnowski, Samuel"]
[Result "0-1"]
[WhiteElo "1644"]
[BlackElo "2126"]
[PlyCount "106"]
[GameId "2160767911069410"]
[EventDate "2004.09.04"]
[EventType "swiss"]
[EventRounds "6"]
[EventCountry "CAN"]

1. e4 c5 2. Nf3 e6 3. d4 cxd4 4. Nxd4 a6 5. Be2 Nf6 6. Nc3 Qc7 7. O-O d6 8. Be3 b5 9. a3 Bb7 10. Qd3 Nbd7 11. Nb3 Be7 12. f4 Rc8 13. Bf3 O-O 14. Rad1 Nb6 15. e5 dxe5 16. Bxb7 Qxb7 17. fxe5 Nfd5 18. Nxd5 Nxd5 19. Qe4 Qc7 20. Nd4 Bc5 21. c3 Nxe3 22. Qxe3 Rfd8 23. Qf4 Rd7 24. Kh1 Rcd8 25. Rfe1 h6 26. h3 Bxd4 27. cxd4 Qc4 28. Re4 Qc2 29. Rd2 Qb1+ 30. Kh2 Rc8 31. Rf2 Rc1 32. Re3 Rh1+ 33. Kg3 Qg6+ 34. Kf3 Qh5+ 35. Kg3 Qg6+ 36. Kf3 Rd1 37. Re4 Rc7 38. Qg4 Rd3+ 39. Ke2 Rb3 40. Qxg6 Rxb2+ 41. Kf1 Rxf2+ 42. Kxf2 Rc2+ 43. Re2 Rxe2+ 44. Kxe2 fxg6 45. Kd3 a5 46. Ke4 Kf7 47. d5 exd5+ 48. Kxd5 b4 49. axb4 axb4 50. e6+ Ke7 51. Kc4 Kxe6 52. Kxb4 Ke5 53. Kc4 Kf4 0-1

[Event "Abe Yanofsky mem."]
[Site "Winnipeg CAN"]
[Date "2004.09.04"]
[Round "1"]
[White "Bist, Kent"]
[Black "Hinds, Ronald"]
[Result "1/2-1/2"]
[WhiteElo "1550"]
[BlackElo "1953"]
[PlyCount "72"]
[GameId "2160767911069411"]
[EventDate "2004.09.04"]
[EventType "swiss"]
[EventRounds "6"]
[EventCountry "CAN"]

1. c4 Nf6 2. d4 g6 3. Nc3 d5 4. e3 Bg7 5. cxd5 Nxd5 6. Bc4 Nxc3 7. bxc3 O-O 8. Ba3 Nd7 9. Ne2 c5 10. O-O a6 11. dxc5 Qc7 12. Nf4 Nf6 13. Qb3 Bd7 14. Rad1 Bc6 15. Nd5 Qe5 16. Rd3 Rae8 17. Rfd1 Ng4 18. f4 Qe4 19. Rd4 Bxd4 20. Rxd4 Qf5 21. Bc1 Nf6 22. h3 Nxd5 23. Bxd5 Bxd5 24. Rxd5 Qc8 25. e4 e6 26. Rd4 Qc6 27. Kh2 Rd8 28. e5 Rd5 29. Rxd5 Qxd5 30. Qxd5 exd5 31. Be3 f6 32. Bd4 fxe5 33. fxe5 Kf7 34. Kg3 Ke6 35. Kg4 Rf5 36. a4 h6 1/2-1/2

[Event "Abe Yanofsky mem."]
[Site "Winnipeg CAN"]
[Date "2004.09.04"]
[Round "1"]
[White "Booth, Kevin"]
[Black "Greenberg, Harley"]
[Result "1/2-1/2"]
[WhiteElo "1194"]
[BlackElo "1781"]
[PlyCount "32"]
[GameId "2160767911069412"]
[EventDate "2004.09.04"]
[EventType "swiss"]
[EventRounds "6"]
[EventCountry "CAN"]

1. d4 Nf6 2. c4 g6 3. Nc3 Bg7 4. g3 O-O 5. Bg2 d6 6. Nf3 Nbd7 7. O-O c5 8. e3 a6 9. b3 Rb8 10. a4 b5 11. axb5 axb5 12. Nxb5 Ne4 13. Nd2 Nxd2 14. Qxd2 Bb7 15. Bb2 Bxg2 16. Kxg2 Nf6 1/2-1/2

[Event "Abe Yanofsky mem."]
[Site "Winnipeg CAN"]
[Date "2004.09.04"]
[Round "1"]
[White "Boron, Anthony"]
[Black "Geley, Shawn"]
[Result "1/2-1/2"]
[WhiteElo "1984"]
[BlackElo "1506"]
[PlyCount "84"]
[GameId "2160767911069413"]
[EventDate "2004.09.04"]
[EventType "swiss"]
[EventRounds "6"]
[EventCountry "CAN"]

1. e4 e5 2. Nf3 Nc6 3. Bb5 a6 4. Bxc6 dxc6 5. O-O Bg4 6. h3 h5 7. d3 Bxf3 8. Qxf3 Qf6 9. Nd2 g5 10. Qxf6 Nxf6 11. Nc4 g4 12. Nxe5 Bd6 13. Nc4 Be7 14. Bg5 gxh3 15. g3 h2+ 16. Kg2 O-O-O 17. e5 Nd5 18. Bxe7 Nxe7 19. Kxh2 Rdg8 20. Rae1 h4 21. Kg2 Nf5 22. Ne3 Nxe3+ 23. Rxe3 hxg3 24. Rxg3 Kd7 25. f4 Ke6 26. d4 Rxg3+ 27. Kxg3 f5 28. c4 b5 29. Rc1 bxc4 30. Rxc4 Kd5 31. Rc5+ Ke4 32. Rxc6 Rg8+ 33. Kf2 Rg7 34. Rxa6 Kxf4 35. Ra4 Ke4 36. Rc4 Rh7 37. b3 Rh2+ 38. Kg3 Rxa2 39. e6 f4+ 40. Kg4 Rg2+ 41. Kh3 Rg7 42. d5+ Kxd5 1/2-1/2

[Event "Abe Yanofsky mem."]
[Site "Winnipeg CAN"]
[Date "2004.09.04"]
[Round "1"]
[White "Clark, Robert"]
[Black "Vincent, Trevor"]
[Result "0-1"]
[WhiteElo "1583"]
[BlackElo "2023"]
[PlyCount "40"]
[GameId "2160767911069414"]
[EventDate "2004.09.04"]
[EventType "swiss"]
[EventRounds "6"]
[EventCountry "CAN"]

1. d4 f5 2. c4 Nf6 3. Nc3 g6 4. Nf3 Bg7 5. e3 d6 6. Bd3 e5 7. dxe5 dxe5 8. Be2 Qe7 9. Qc2 O-O 10. a3 e4 11. Nd2 a5 12. b3 c6 13. Bb2 Na6 14. Na4 Be6 15. Bd4 Rab8 16. Qc3 b5 17. cxb5 cxb5 18. Bc5 Nxc5 19. Qxc5 Qd7 20. Nb2 Rfc8 0-1

[Event "Abe Yanofsky mem."]
[Site "Winnipeg CAN"]
[Date "2004.09.04"]
[Round "1"]
[White "Costales, Servillano"]
[Black "Baragar, Fletcher"]
[Result "0-1"]
[WhiteElo "1675"]
[BlackElo "2253"]
[PlyCount "88"]
[GameId "2160767911069415"]
[EventDate "2004.09.04"]
[EventType "swiss"]
[EventRounds "6"]
[EventCountry "CAN"]

1. e4 e6 2. c4 d5 3. Nc3 d4 4. Nce2 e5 5. Ng3 c5 6. Nf3 Nc6 7. d3 g6 8. Be2 Bg7 9. Bd2 Nge7 10. Qc1 h5 11. h3 h4 12. Nf1 f6 13. a3 a5 14. N3h2 Be6 15. Bg4 f5 16. exf5 gxf5 17. Bf3 e4 18. dxe4 Ne5 19. Qc2 Bxc4 20. Bg5 Nd3+ 21. Kd1 Qb6 22. Kd2 Nxf2 23. Rg1 Bd3 24. Qc1 fxe4 25. Ke1 exf3 26. Kxf2 fxg2 27. Rxg2 Nf5 28. Kg1 Kd7 29. Qf4 Qe6 30. Ng4 Rhf8 31. Qd2 c4 32. Re1 Qd5 33. Nf2 Bxf1 34. Kxf1 Rae8 35. Rxe8 Rxe8 36. Kg1 d3 37. Bxh4 Nxh4 38. Rxg7+ Kc8 39. Qc3 Re1+ 40. Kh2 Nf3+ 41. Kg3 Rg1+ 42. Kf4 Nd4 43. Re7 Qf5+ 44. Ke3 Nc2+ 0-1

[Event "Abe Yanofsky mem."]
[Site "Winnipeg CAN"]
[Date "2004.09.04"]
[Round "1"]
[White "Cowdrey, Eric"]
[Black "Fastershank, Anthony"]
[Result "1-0"]
[WhiteElo "1751"]
[BlackElo "1172"]
[PlyCount "35"]
[GameId "2160767911069416"]
[EventDate "2004.09.04"]
[EventType "swiss"]
[EventRounds "6"]
[EventCountry "CAN"]

1. d4 e6 2. c4 Nf6 3. Nf3 d5 4. Bg5 Be7 5. e3 O-O 6. Nc3 Nc6 7. Be2 b6 8. O-O dxc4 9. Bxc4 Bb7 10. Rc1 h6 11. Bh4 Nd5 12. Bxe7 Ndxe7 13. Qe2 Na5 14. Bd3 Nd5 15. Nxd5 Bxd5 16. Bb1 Rb8 17. Qc2 Rc8 18. Qh7# 1-0

[Event "Abe Yanofsky mem."]
[Site "Winnipeg CAN"]
[Date "2004.09.04"]
[Round "1"]
[White "De Groot, Steven"]
[Black "Melamedoff, Gustavo"]
[Result "0-1"]
[WhiteElo "1617"]
[BlackElo "2044"]
[PlyCount "90"]
[GameId "2160767911069417"]
[EventDate "2004.09.04"]
[EventType "swiss"]
[EventRounds "6"]
[EventCountry "CAN"]

1. e4 Nf6 2. e5 Nd5 3. c4 Nb6 4. d4 d6 5. Nf3 Nc6 6. exd6 cxd6 7. Nc3 Bg4 8. Be3 g6 9. h3 Bxf3 10. Qxf3 Bg7 11. O-O-O O-O 12. g4 e5 13. d5 Na5 14. b3 Rc8 15. Ne4 Nbxc4 16. bxc4 Nxc4 17. Bxc4 Rxc4+ 18. Kd2 Qa5+ 19. Ke2 Qa6 20. Ke1 f5 21. gxf5 Rxf5 22. Qe2 Rxe4 23. Qxa6 bxa6 24. Ke2 Ra4 25. Rd2 Rf7 26. Rc1 h5 27. Rc6 Rd7 28. Bg5 Kf7 29. Rdc2 Kg8 30. Rd2 Kh7 31. Rdc2 Rb4 32. Rxa6 Bh6 33. Bxh6 Kxh6 34. Rcc6 Kg5 35. Rxd6 Rxd6 36. Rxd6 Rb2+ 37. Kf3 Rxa2 38. Re6 Kf5 39. Rc6 Ra3+ 40. Kg2 a5 41. f3 g5 42. Rh6 Ra2+ 43. Kf1 a4 44. Rxh5 a3 45. Rh6 Rb2 0-1

[Event "Abe Yanofsky mem."]
[Site "Winnipeg CAN"]
[Date "2004.09.04"]
[Round "1"]
[White "Kaptsan, Aron"]
[Black "Anderson, George"]
[Result "1-0"]
[WhiteElo "1909"]
[BlackElo "1466"]
[PlyCount "41"]
[GameId "2160767911069419"]
[EventDate "2004.09.04"]
[EventType "swiss"]
[EventRounds "6"]
[EventCountry "CAN"]

1. d4 e6 2. g3 d5 3. Bg2 c5 4. Nf3 Nc6 5. O-O Qb6 6. dxc5 Bxc5 7. Nc3 h6 8. Na4 Qb5 9. Nxc5 Qxc5 10. Be3 Qe7 11. c4 dxc4 12. Qa4 Qb4 13. Qxb4 Nxb4 14. Bc5 Nc6 15. Rac1 Nge7 16. Nd2 Ne5 17. Nxc4 Nxc4 18. Rxc4 f6 19. Bxe7 Kxe7 20. Rc7+ Bd7 21. Rd1 1-0

[Event "Abe Yanofsky mem."]
[Site "Winnipeg CAN"]
[Date "2004.09.04"]
[Round "1"]
[White "Khedkar, Jay"]
[Black "Tetrault, Charles"]
[Result "1-0"]
[WhiteElo "1948"]
[BlackElo "1550"]
[PlyCount "51"]
[GameId "2160767911069420"]
[EventDate "2004.09.04"]
[EventType "swiss"]
[EventRounds "6"]
[EventCountry "CAN"]

1. e4 c5 2. Nf3 e6 3. d4 cxd4 4. Nxd4 d6 5. Be2 Be7 6. O-O Bd7 7. Nc3 a6 8. Be3 Nc6 9. Qd2 f5 10. exf5 Nxd4 11. Bh5+ Kf8 12. Qxd4 Nf6 13. fxe6 Bxe6 14. Bf3 d5 15. Rad1 Rc8 16. Qe5 Bf7 17. Bd4 Bd6 18. Qf5 Qc7 19. Bxf6 Bxh2+ 20. Kh1 gxf6 21. g3 Bxg3 22. fxg3 Re8 23. Qxf6 Rg8 24. Bxd5 Re7 25. Bxf7 Rg7 26. Bb3+ 1-0

[Event "Abe Yanofsky mem."]
[Site "Winnipeg CAN"]
[Date "2004.09.04"]
[Round "1"]
[White "Lauritson, Jim"]
[Black "Gannon, Keith"]
[Result "1/2-1/2"]
[WhiteElo "1932"]
[BlackElo "1580"]
[PlyCount "95"]
[GameId "2160767911069421"]
[EventDate "2004.09.04"]
[EventType "swiss"]
[EventRounds "6"]
[EventCountry "CAN"]

1. e4 d6 2. d4 Nf6 3. Nc3 e6 4. Be3 Be7 5. Nf3 b6 6. Bd3 Bb7 7. O-O O-O 8. Nd2 Nbd7 9. f4 c5 10. e5 Nd5 11. Qh5 g6 12. Qh3 Nxe3 13. Qxe3 cxd4 14. Qxd4 dxe5 15. Qa4 Nc5 16. Qc4 Nxd3 17. Qxd3 Qxd3 18. cxd3 Bc5+ 19. Kh1 exf4 20. Nc4 Rfd8 21. Rad1 f3 22. gxf3 Kg7 23. Ne4 Bxe4 24. dxe4 Rac8 25. a4 Bd4 26. b3 h5 27. Rd3 Bf6 28. Rfd1 Rxd3 29. Rxd3 Rc7 30. Kg2 g5 31. Kf2 Kg6 32. h3 Bg7 33. Rd8 f5 34. Rd6 Kf7 35. Ke3 h4 36. Rd8 Ke7 37. Rd1 Rc5 38. Kf2 fxe4 39. fxe4 b5 40. axb5 Rxb5 41. Rd3 a5 42. Kf3 Be5 43. Kg4 Bf4 44. Kf3 Kf6 45. Kg4 Rc5 46. Rd4 Rb5 47. Rd3 Rc5 48. Rd4 1/2-1/2

[Event "Abe Yanofsky mem."]
[Site "Winnipeg CAN"]
[Date "2004.09.04"]
[Round "1"]
[White "Liebzeit, Mick"]
[Black "Zaczek, Jonathon"]
[Result "0-1"]
[WhiteElo "1353"]
[BlackElo "1891"]
[PlyCount "58"]
[GameId "2160767911069422"]
[EventDate "2004.09.04"]
[EventType "swiss"]
[EventRounds "6"]
[EventCountry "CAN"]

1. e4 c5 2. d4 cxd4 3. Nf3 Nc6 4. Nxd4 Nf6 5. Nc3 d6 6. Be2 e6 7. Be3 Be7 8. f4 a6 9. O-O Qc7 10. Qd2 b5 11. Bf3 Bb7 12. a3 O-O 13. Rad1 Rfd8 14. f5 Nxd4 15. Bxd4 e5 16. Bf2 Rac8 17. g4 Qc4 18. Be2 Nxe4 19. Bxc4 Nxd2 20. Bxf7+ Kxf7 21. Rxd2 Bg5 22. Re2 Bf3 23. Ree1 Bxg4 24. Ne4 Bf4 25. c3 d5 26. Nc5 Bxf5 27. Nb7 Rd7 28. Nc5 Rd6 29. Kh1 Rh6 0-1

[Event "Abe Yanofsky mem."]
[Site "Winnipeg CAN"]
[Date "2004.09.04"]
[Round "1"]
[White "MacPherson, Al"]
[Black "Babb, Jeff"]
[Result "0-1"]
[WhiteElo "1654"]
[BlackElo "2136"]
[PlyCount "50"]
[GameId "2160767911069423"]
[EventDate "2004.09.04"]
[EventType "swiss"]
[EventRounds "6"]
[EventCountry "CAN"]

1. d4 Nf6 2. c4 c5 3. d5 b5 4. cxb5 a6 5. bxa6 g6 6. Nc3 Bxa6 7. g3 d6 8. Bg2 Bg7 9. e4 Nbd7 10. Nge2 Ne5 11. O-O Nd3 12. Nf4 Nxc1 13. Qxc1 Bxf1 14. Bxf1 O-O 15. Nd3 Ng4 16. Nd1 Qb6 17. a3 Ne5 18. Ne1 Ra4 19. f3 Rd4 20. Nc3 Rb8 21. Ne2 Rc4 22. Nc3 Rd4 23. Ne2 Nd3 24. Qc2 Nxe1 25. Rxe1 Rd3 0-1

[Event "Abe Yanofsky mem."]
[Site "Winnipeg CAN"]
[Date "2004.09.04"]
[Round "1"]
[White "Nikouline, Alexandre"]
[Black "Milord, Frank"]
[Result "1-0"]
[WhiteElo "2000"]
[BlackElo "1541"]
[PlyCount "59"]
[GameId "2160767911069425"]
[EventDate "2004.09.04"]
[EventType "swiss"]
[EventRounds "6"]
[EventCountry "CAN"]

1. e4 d6 2. d4 Nf6 3. Bd3 g6 4. Ne2 Bg7 5. O-O O-O 6. f3 c6 7. Be3 b5 8. a4 b4 9. a5 Ba6 10. Qd2 Bxd3 11. Qxd3 Qc8 12. Nd2 Qa6 13. c4 bxc3 14. Qxa6 Nxa6 15. bxc3 Rfc8 16. Nc4 Nd7 17. Rab1 Rab8 18. Na3 c5 19. Nb5 Rb7 20. Nxd6 Rxb1 21. Nxc8 Rxf1+ 22. Kxf1 e6 23. Nxa7 Bf8 24. Bf4 cxd4 25. cxd4 Nb4 26. Bd2 Nb8 27. Nc3 Be7 28. Ncb5 N8c6 29. Nxc6 Nxc6 30. a6 1-0

[Event "Abe Yanofsky mem."]
[Site "Winnipeg CAN"]
[Date "2004.09.04"]
[Round "1"]
[White "Pierre, Rolland"]
[Black "Jarmasz, Mark"]
[Result "0-1"]
[WhiteElo "1478"]
[BlackElo "1915"]
[PlyCount "88"]
[GameId "2160767911069426"]
[EventDate "2004.09.04"]
[EventType "swiss"]
[EventRounds "6"]
[EventCountry "CAN"]

1. e4 c5 2. Nf3 Nc6 3. d4 cxd4 4. Nxd4 Nf6 5. Bb5 Nxd4 6. Qxd4 Qa5+ 7. Nc3 a6 8. Bd3 d6 9. Qa4+ Qxa4 10. Nxa4 b5 11. Nc3 Bb7 12. Bg5 e6 13. Bxf6 gxf6 14. a3 Rg8 15. Rg1 Rc8 16. f3 Bh6 17. Kf2 Bd2 18. Ne2 Ba5 19. Rgd1 Bb6+ 20. Kf1 Ke7 21. h3 h5 22. c3 h4 23. Nd4 Rg7 24. Rd2 Rcg8 25. Re1 Rg3 26. Bc2 Bc8 27. b4 Bb7 28. a4 bxa4 29. Bxa4 Rc8 30. Nf5+ exf5 31. exf5+ Kf8 32. Rxd6 Bc7 33. Rxf6 Kg7 34. Bc6 Kxf6 35. Bxb7 Rd8 36. Bxa6 Rd2 37. Be2 Rg8 38. Rd1 Rgd8 39. Rxd2 Rxd2 40. c4 Rb2 41. b5 Bb6 42. Ke1 Kxf5 43. Kd1 Kf4 44. Kc1 Rxe2 0-1

[Event "Abe Yanofsky mem."]
[Site "Winnipeg CAN"]
[Date "2004.09.04"]
[Round "1"]
[White "Prince, Colin"]
[Black "Spraggett, Kevin"]
[Result "0-1"]
[WhiteElo "1746"]
[BlackElo "2610"]
[PlyCount "78"]
[GameId "2160767911069427"]
[EventDate "2004.09.04"]
[EventType "swiss"]
[EventRounds "6"]
[EventCountry "CAN"]

1. e4 c5 2. Nf3 e6 3. d4 cxd4 4. Nxd4 a6 5. Nc3 b5 6. Be2 Bb7 7. a3 d6 8. O-O Nf6 9. Bg5 Be7 10. Bf3 Nbd7 11. Re1 Ne5 12. Bh4 Rc8 13. Bg3 O-O 14. Bxe5 dxe5 15. Nb3 Nd7 16. Qe2 Qc7 17. Red1 Nb6 18. Nd2 Bg5 19. Nf1 Nc4 20. b3 Nxa3 21. Rxa3 Qxc3 22. Rd7 Qc6 23. Qd3 Rfd8 24. Rxd8+ Rxd8 25. Qe2 Qc3 26. Ra2 g6 27. g3 h5 28. Bg2 Rd4 29. h3 Rd7 30. Kh2 Kg7 31. Kg1 Rd8 32. Kh2 h4 33. Qg4 hxg3+ 34. Nxg3 Bf4 35. Kg1 Qe1+ 36. Nf1 f5 37. exf5 exf5 38. Qh4 g5 39. Qh5 Rd2 0-1

[Event "Abe Yanofsky mem."]
[Site "Winnipeg CAN"]
[Date "2004.09.04"]
[Round "1"]
[White "Schulz, Waldemar"]
[Black "Czarny, Keith"]
[Result "1-0"]
[WhiteElo "2122"]
[BlackElo "1653"]
[PlyCount "103"]
[GameId "2160767911069428"]
[EventDate "2004.09.04"]
[EventType "swiss"]
[EventRounds "6"]
[EventCountry "CAN"]

1. Nf3 Nc6 2. d4 e6 3. c4 f5 4. g3 Nf6 5. Bg2 g6 6. O-O Bg7 7. Nc3 O-O 8. Rb1 d6 9. b3 e5 10. dxe5 dxe5 11. Ba3 Re8 12. Nb5 e4 13. Ng5 Bd7 14. Bb2 Ne7 15. Nd4 Nc6 16. h4 h6 17. Nh3 Ne7 18. Nf4 Qc8 19. e3 c5 20. Nde2 Kh7 21. Nc3 Nc6 22. Nb5 Rd8 23. Nd6 Qc7 24. Nf7 Rf8 25. Qd6 Rac8 26. Qxc7 Rxc7 27. Ne5 Nxe5 28. Bxe5 Rcc8 29. Rfd1 Rf7 30. Rd2 Ne8 31. Bxg7 Rxg7 32. Rbd1 Bc6 33. Ne6 Re7 34. Nxc5 Nf6 35. Rd6 Ng4 36. Ne6 Ne5 37. Nf4 g5 38. hxg5 hxg5 39. Nd5 Rf7 40. Nb4 Be8 41. R1d5 Re7 42. Rf6 Bg6 43. Rdd6 Rg7 44. Nd5 b5 45. Rfe6 Ng4 46. Rxg6 bxc4 47. Rxg7+ Kxg7 48. Rd7+ Kh8 49. bxc4 Rxc4 50. Rc7 Ra4 51. Bh3 Ne5 52. Nf6 1-0

[Event "Abe Yanofsky mem."]
[Site "Winnipeg CAN"]
[Date "2004.09.04"]
[Round "1"]
[White "Tetrault, Claude"]
[Black "Van Wyk, Joseph"]
[Result "0-1"]
[WhiteElo "1517"]
[BlackElo "1932"]
[PlyCount "82"]
[GameId "2160767911069429"]
[EventDate "2004.09.04"]
[EventType "swiss"]
[EventRounds "6"]
[EventCountry "CAN"]

1. d4 d5 2. c4 e6 3. Nc3 c5 4. Nf3 Nc6 5. e3 Nf6 6. cxd5 exd5 7. g3 Bg4 8. Bg2 cxd4 9. exd4 Bb4 10. O-O O-O 11. Qb3 Bxf3 12. Bxf3 Nxd4 13. Qd1 Nxf3+ 14. Qxf3 Bxc3 15. Qxc3 Qd7 16. Qf3 Qg4 17. Qxg4 Nxg4 18. Rd1 Rad8 19. b3 Rfe8 20. Bf4 Re2 21. Rd2 Rde8 22. Rc1 f6 23. Rcc2 Rxd2 24. Rxd2 Rd8 25. h4 Kf7 26. Kf1 Ke6 27. Re2+ Ne5 28. Bd2 Kf5 29. Kg2 d4 30. f4 d3 31. Re1 Nc6 32. Kf3 Nd4+ 33. Kf2 Ne2 34. Kf3 h5 35. b4 b5 36. a4 bxa4 37. Ra1 Nd4+ 38. Kf2 Nb3 39. Rxa4 Nxd2 40. Ke1 Nc4 41. Ra2 d2+ 0-1

[Event "Abe Yanofsky mem."]
[Site "Winnipeg CAN"]
[Date "2004.09.04"]
[Round "1"]
[White "Tyomkin, Dimitri"]
[Black "Curtis, Rory"]
[Result "1-0"]
[WhiteElo "2553"]
[BlackElo "1689"]
[PlyCount "61"]
[GameId "2160767911069430"]
[EventDate "2004.09.04"]
[EventType "swiss"]
[EventRounds "6"]
[EventCountry "CAN"]

1. e4 e5 2. Nf3 d6 3. d4 Nf6 4. dxe5 Nxe4 5. Bc4 Be6 6. Bxe6 fxe6 7. Qe2 d5 8. Nbd2 Nxd2 9. Bxd2 Be7 10. Nd4 Qd7 11. Qh5+ g6 12. Qh3 Kf7 13. Qf3+ Kg7 14. Qg4 Kf7 15. h4 Nc6 16. O-O-O Nxd4 17. Qxd4 c5 18. Qf4+ Kg7 19. h5 h6 20. Qg4 g5 21. f4 Rag8 22. Rhf1 Kh7 23. f5 exf5 24. Rxf5 Rg7 25. Qf3 Qe6 26. Re1 c4 27. Rf6 Qc8 28. Qxd5 Rf8 29. Qe4+ Kg8 30. Rxh6 Qf5 31. Qxc4+ 1-0

[Event "Abe Yanofsky mem."]
[Site "Winnipeg CAN"]
[Date "2004.09.04"]
[Round "1"]
[White "Wang, Yijia"]
[Black "Klokow, John"]
[Result "0-1"]
[WhiteElo "1222"]
[BlackElo "1732"]
[PlyCount "48"]
[GameId "2160767911069431"]
[EventDate "2004.09.04"]
[EventType "swiss"]
[EventRounds "6"]
[EventCountry "CAN"]

1. d4 Nf6 2. Nc3 e6 3. e4 Bb4 4. Nge2 Nxe4 5. Bd2 Nxd2 6. Qxd2 d5 7. a3 Ba5 8. O-O-O Nd7 9. g3 Nf6 10. Bg2 Bd7 11. Kb1 O-O 12. Rdg1 b5 13. b4 Bb6 14. h4 a5 15. Na2 Qe7 16. c3 axb4 17. axb4 Ra3 18. Nec1 Rfa8 19. Bf3 Qd6 20. Bd1 Ne4 21. Qd3 Nxc3+ 22. Nxc3 Qxb4+ 23. Nb3 Bxd4 24. Ne2 Ra1+ 0-1

[Event "Abe Yanofsky mem."]
[Site "Winnipeg CAN"]
[Date "2004.09.04"]
[Round "1"]
[White "Zhou, Lu"]
[Black "Still, Graham"]
[Result "1-0"]
[WhiteElo "1807"]
[BlackElo "1328"]
[PlyCount "93"]
[GameId "2160767911069432"]
[EventDate "2004.09.04"]
[EventType "swiss"]
[EventRounds "6"]
[EventCountry "CAN"]

1. d4 e6 2. e4 d5 3. Nc3 Nf6 4. e5 Nfd7 5. f4 c5 6. Nf3 Nc6 7. Be3 cxd4 8. Nxd4 Nxd4 9. Bxd4 Qh4+ 10. g3 Qd8 11. Be2 f6 12. O-O b6 13. exf6 Nxf6 14. Bb5+ Bd7 15. Qe2 Bxb5 16. Qxe6+ Qe7 17. Qxe7+ Bxe7 18. Nxb5 Kd7 19. Rad1 Rhe8 20. Be5 Rec8 21. c3 Bc5+ 22. Bd4 Bxd4+ 23. Rxd4 a6 24. Na3 b5 25. Rf2 Re8 26. Rfd2 Kc6 27. Nc2 a5 28. Kg2 Rad8 29. Kf3 Ne4 30. Rd1 h6 31. a4 Nf6 32. axb5+ Kxb5 33. Ne3 Kc6 34. c4 Rb8 35. cxd5+ Kc5 36. Rc4+ Kb6 37. Nf5 Rg8 38. d6 Rbd8 39. Ne7 Rge8 40. Nd5+ Nxd5 41. Rxd5 Rd7 42. Ra4 Ra8 43. b4 Kc6 44. Rdxa5 Rxa5 45. bxa5 Kxd6 46. Rd4+ Kc6 47. Rxd7 1-0

[Event "Abe Yanofsky mem."]
[Site "Winnipeg CAN"]
[Date "2004.09.04"]
[Round "2"]
[White "Anderson, George"]
[Black "MacPherson, Al"]
[Result "0-1"]
[WhiteElo "1466"]
[BlackElo "1654"]
[PlyCount "74"]
[GameId "2160767911069433"]
[EventDate "2004.09.04"]
[EventType "swiss"]
[EventRounds "6"]
[EventCountry "CAN"]

1. e4 c5 2. b4 cxb4 3. d4 d6 4. Bc4 Nf6 5. f3 a6 6. c3 Qc7 7. Qb3 e6 8. Ne2 bxc3 9. Nbxc3 Bd7 10. O-O Nc6 11. Bd3 b5 12. Bg5 Qa7 13. Be3 Be7 14. Nd1 Qb7 15. a4 b4 16. a5 Bd8 17. d5 Nxa5 18. Rxa5 Bxa5 19. dxe6 fxe6 20. e5 dxe5 21. Bg5 Bb6+ 22. Kh1 a5 23. Bxf6 gxf6 24. Be4 Qa6 25. Qd3 Qc8 26. f4 Bc5 27. fxe5 a4 28. Qc4 f5 29. Bxf5 exf5 30. Nf4 Qa6 31. Qxa6 Rxa6 32. Nd5 O-O 33. N1e3 Bxe3 34. Nxe3 Ra5 35. Rb1 Rxe5 36. Nc2 b3 37. Na3 Rfe8 0-1

[Event "Abe Yanofsky mem."]
[Site "Winnipeg CAN"]
[Date "2004.09.04"]
[Round "2"]
[White "Babb, Jeff"]
[Black "Kaptsan, Aron"]
[Result "1-0"]
[WhiteElo "2143"]
[BlackElo "2159"]
[PlyCount "87"]
[GameId "2160767911069434"]
[EventDate "2004.09.04"]
[EventType "swiss"]
[EventRounds "6"]
[EventCountry "CAN"]
[SourceTitle "CBM 102 Extra"]
[Source "ChessBase"]
[SourceDate "2004.11.03"]
[SourceVersion "1"]
[SourceVersionDate "2004.11.03"]
[SourceQuality "1"]

1. e4 g6 2. Nc3 Bg7 3. g3 e5 4. Bg2 Ne7 5. d3 c6 6. f4 d6 7. Nf3 Qb6 8. Qe2 Nd7 9. Nd2 Nf6 10. Nc4 Qc7 11. fxe5 dxe5 12. a4 Be6 13. b3 h5 14. Bg5 Nd7 15. O-O f6 16. Be3 h4 17. a5 hxg3 18. hxg3 Ng8 19. Qf2 Nh6 20. Bxa7 Ng4 21. Bb6 Qb8 22. Qe2 Bf8 23. Bf3 Nh2 24. Rf2 Nxf3+ 25. Qxf3 f5 26. Be3 Bb4 27. Ne2 b5 28. Nd2 Rxa5 29. Rxa5 Bxa5 30. exf5 Bd5 31. Ne4 Rf8 32. Qg4 gxf5 33. Qg6+ Kd8 34. Rxf5 Rxf5 35. Qxf5 Kc7 36. Nc5 Nxc5 37. Qxe5+ Kb7 38. Qxb8+ Kxb8 39. Bxc5 Be1 40. Kf1 Bd2 41. Kf2 Kc7 42. Nd4 Kd7 43. Nf3 Bh6 44. g4 1-0

[Event "Abe Yanofsky mem."]
[Site "Winnipeg CAN"]
[Date "2004.09.04"]
[Round "2"]
[White "Baragar, Fletcher"]
[Black "Van Wyk, Joseph"]
[Result "1-0"]
[WhiteElo "2253"]
[BlackElo "1932"]
[PlyCount "77"]
[GameId "2160767911069435"]
[EventDate "2004.09.04"]
[EventType "swiss"]
[EventRounds "6"]
[EventCountry "CAN"]

1. d4 d5 2. c4 e6 3. Nc3 c5 4. cxd5 cxd4 5. Qxd4 Nc6 6. Qd1 exd5 7. Qxd5 Be6 8. Qxd8+ Rxd8 9. e3 Nb4 10. Bb5+ Ke7 11. Kf1 a6 12. Be2 g5 13. Nf3 g4 14. Nd4 Nf6 15. a3 Nbd5 16. Bd2 Bg7 17. Rd1 Rd7 18. Nxd5+ Nxd5 19. Nxe6 fxe6 20. e4 Nf6 21. e5 Nd5 22. Bg5+ Kf7 23. Bxg4 Rc8 24. h4 h6 25. Bd2 Bxe5 26. Bxh6 Bxb2 27. Rh3 Rc4 28. Rf3+ Ke7 29. Bg5+ Kd6 30. Bh3 Rdc7 31. Rfd3 R7c5 32. Bh6 Rc1 33. Re1 e5 34. Rdd1 Bd4 35. Bg5 Kc6 36. h5 R1c2 37. Rxd4 exd4 38. h6 Kd6 39. h7 1-0

[Event "Abe Yanofsky mem."]
[Site "Winnipeg CAN"]
[Date "2004.09.04"]
[Round "2"]
[White "Curtis, Rory"]
[Black "Liebzeit, Mick"]
[Result "1-0"]
[WhiteElo "1689"]
[BlackElo "1353"]
[PlyCount "49"]
[GameId "2160767911069436"]
[EventDate "2004.09.04"]
[EventType "swiss"]
[EventRounds "6"]
[EventCountry "CAN"]

1. d4 Nf6 2. c4 g6 3. Nc3 d5 4. cxd5 Nxd5 5. e4 Nxc3 6. bxc3 Bg7 7. Nf3 c5 8. Rb1 Nc6 9. Be3 O-O 10. Be2 b6 11. O-O Bg4 12. d5 Bxf3 13. gxf3 Ne5 14. f4 Nd7 15. c4 Qc7 16. e5 Nxe5 17. fxe5 Bxe5 18. f4 Bd6 19. Qe1 Kg7 20. Qh4 f5 21. Rb3 Rh8 22. Bd2 Rag8 23. Bc3+ e5 24. dxe6+ Kf8 25. Bxh8 1-0

[Event "Abe Yanofsky mem."]
[Site "Winnipeg CAN"]
[Date "2004.09.04"]
[Round "2"]
[White "Czarny, Keith"]
[Black "Podmoroff, Yuri"]
[Result "1-0"]
[WhiteElo "1653"]
[BlackElo "1303"]
[PlyCount "63"]
[GameId "2160767911069437"]
[EventDate "2004.09.04"]
[EventType "swiss"]
[EventRounds "6"]
[EventCountry "CAN"]

1. Nf3 Nc6 2. g3 e5 3. d3 Bc5 4. Bg2 Nf6 5. O-O O-O 6. c4 a6 7. Nc3 d6 8. Bg5 h6 9. Bxf6 Qxf6 10. Ne4 Qe7 11. Nxc5 dxc5 12. Qd2 f5 13. Rad1 f4 14. a3 Qd6 15. Qc3 Nd4 16. Rd2 Bg4 17. Nxd4 cxd4 18. Qb3 Rab8 19. h3 Be6 20. Qc2 Kh8 21. b4 Qd7 22. Kh2 b5 23. cxb5 axb5 24. Rc1 Rbc8 25. g4 Bd5 26. Bxd5 Qxd5 27. Qc5 Qf7 28. Qxe5 f3 29. exf3 Qxf3 30. Qxd4 Rfe8 31. Rdc2 Rcd8 32. Qc5 1-0